Pays avec le plus de chevaux par habitant - Statistiques

Statistiques générales
  • Ce quiz a été pris 25 fois
  • Le résultat moyen est 4 sur 7
Statistiques - réponses
Hint Réponse % Correct
66 / 100 hab Mongolie
82%
12 / 100 hab Argentine
64%
18 / 100 hab Kazakhstan
59%
8 / 100 hab Australie
50%
30 / 100 hab Islande
36%
7 / 100 hab Nouvelle- Zélande
32%
22 / 100 hab Uruguay
27%
Aucun quiz correspondant
Distribution des résultats
% des personnes avec chaque résultat
Percentile par nombre de réponses
Votre historique - résultats
Vous n’avez pas pris ce quiz